000 01275nam a22003617a 4500
003 CHAP
005 20220329142025.0
008 990310d1998 mx r 00110 spa d
010 _a77216
011 _a78188
035 _a88052
040 _cCHAP
090 _aTesis
100 0 0 _aGómez Guerrero, José Manuel.
_949736
245 1 0 _aDiseño de un sistema agroforestal con árboles de navidad en la sierra del Ajusco
_c/por José Manuel Gómez Guerrero
260 _aChapingo, Méx. :
_bEl autor,
_c1998.
300 _a93 h. ;
_bgráfs.
502 _aTesis (Ing. en Agroecología) -- UACH. Programa en Agroecología
590 _aALEPH
_b10
_c20130110
_lUCH01
_h1428
590 _aBATCH-UPD
_b10
_c20130110
_lUCH01
_h0656
590 _aBATCH-UPD
_b10
_c20130410
_lUCH01
_h0341
590 _aBATCH-UPD
_b10
_c20130913
_lUCH01
_h2209
590 _aCONVERSION
_b10
_c20130109
_lUCH01
_h1343
650 1 4 _aAgroforestería.
_92156
650 1 4 _aÁrboles de navidad.
_982443
650 1 4 _aÁrboles
_zMexico (D.F.).
_96660
901 _aBK
905 _aAlejandra Carrasco M.
942 _cFOLL
949 _bBC
_cTES
_d33724000708897
_eTS2
_fc.2
_h33857
_i88052
_si
949 _bBC
_cTES
_d33724000751202
_eTS2
_fc.3
_h35350
_i88052
_si
949 _bBC
_cTES
_d880521
_eTS1
_h33856
_i88052
_sb
999 _c77216
_d77216